[Event "Budapest FS07 GM"]
[Site "Budapest"]
[Date "2025.07.06"]
[Round "2"]
[White "Pacher, Milan"]
[Black "Tomaszewski, Kacper"]
[Result "1/2-1/2"]
[WhiteElo "2383"]
[BlackElo "2330"]
[PlyCount "63"]
[EventDate "2025.07.05"]
[EventType "tourn"]
[EventRounds "9"]
[EventCountry "HUN"]
[EventCategory "6"]
[SourceTitle "CB29_2025"]
[SourceDate "2025.07.16"]
[SourceVersion "1"]
[SourceVersionDate "2025.07.16"]
[SourceQuality "1"]

1. e4 c5 2. Nf3 Nc6 3. d4 cxd4 4. Nxd4 e6 5. Nc3 Qc7 6. Be3 a6 7. Be2 Nf6 8. 0-0 Bb4 9. Na4 0-0 10. Nxc6 bxc6 11. Nb6 Rb8 12. Nxc8 Rfxc8 13. Bxa6 Rf8 14. Bd3 Bd6 15. g3 Be5 16. a4 Bxb2 17. Ra2 c5 18. a5 Bc3 19. a6 c4 20. Be2 Nxe4 21. Bf3 d5 22. Bxe4 dxe4 23. a7 Ra8 24. Qb1 e5 25. Qb6 Qxb6 26. Bxb6 Bd4 27. Rb1 f5 28. Rb4 Rf7 29. Bxd4 exd4 30. Rxc4 Rfxa7 31. Rxa7 Rxa7 32. Rxd4 1/2-1/2

[Event "CZE-chT1E 2425"]
[Site "Czech Republic"]
[Date "2025.03.22"]
[Round "10.2"]
[White "Tomaszewski, Kacper"]
[Black "Vesely, Vitek"]
[Result "1-0"]
[WhiteElo "2327"]
[BlackElo "2165"]
[PlyCount "107"]
[EventDate "2024.10.20"]
[EventType "team-tourn"]
[EventRounds "11"]
[EventCountry "CZE"]
[SourceTitle "CB16_2025"]
[SourceDate "2025.04.16"]
[SourceVersion "1"]
[SourceVersionDate "2025.04.16"]
[SourceQuality "1"]
[WhiteTeam "Orlova Slavia"]
[BlackTeam "Chotebor"]
[WhiteTeamCountry "CZE"]
[BlackTeamCountry "CZE"]

1. d4 Nf6 2. c4 e6 3. Nf3 b6 4. Nc3 Bb7 5. Bg5 h6 6. Bh4 Bb4 7. Qb3 Qe7 8. e3 0-0 9. Bd3 c5 10. a3 Bxc3+ 11. Qxc3 d6 12. 0-0 Bxf3 13. gxf3 Nbd7 14. f4 cxd4 15. Qxd4 e5 16. Qe4 Rfe8 17. Qg2 exf4 18. exf4 Qe6 19. Rad1 Rac8 20. b4 Kh8 21. Rd2 g6 22. h3 d5 23. cxd5 Qd6 24. Bg3 Nh5 25. f5 Nxg3 26. Qxg3 Ne5 27. fxg6 fxg6 28. Bb5 Re7 29. f4 Nc4 30. Qc3+ Kh7 31. Rd4 Qf6 32. Bxc4 Rec7 33. d6 Rxc4 34. Rxc4 Qxc3 35. Rxc3 Rxc3 36. Rd1 Rc8 37. d7 Rd8 38. Rd6 Kg7 39. Kf2 Kf7 40. Ke3 Ke7 41. Rxg6 Kxd7 42. Rxh6 Rc8 43. Kd4 Rf8 44. Ke5 Re8+ 45. Kd5 Re3 46. Rh7+ Kd8 47. Rxa7 Rxh3 48. f5 Rh6 49. b5 Rf6 50. Ke5 Rh6 51. a4 Kc8 52. f6 Kd8 53. f7 Kc8 54. f8Q# 1-0

[Event "Isle of Wight op"]
[Site "Ryde"]
[Date "2025.02.22"]
[Round "8"]
[White "Czopor, Maciej"]
[Black "Tomaszewski, Kacper"]
[Result "1-0"]
[WhiteElo "2409"]
[BlackElo "2348"]
[PlyCount "89"]
[EventDate "2025.02.18"]
[EventType "swiss"]
[EventRounds "9"]
[EventCountry "ENG"]
[SourceTitle "CB09_2025"]
[SourceDate "2025.02.27"]
[SourceVersion "1"]
[SourceVersionDate "2025.02.27"]
[SourceQuality "1"]

1. e4 c5 2. Nf3 Nc6 3. Bb5 d5 4. Nc3 dxe4 5. Bxc6+ bxc6 6. Nxe4 Nf6 7. Qe2 Qd5 8. d3 Bg4 9. h3 Bxf3 10. Qxf3 Nxe4 11. dxe4 Qc4 12. b3 Qd4 13. Rb1 Qf6 14. Qxf6 exf6 15. Ke2 0-0-0 16. Be3 Bd6 17. Rhd1 Rhe8 18. Kf3 Re6 19. Rd3 Rde8 20. Rbd1 Bc7 21. Rd7 Rxe4 22. Rxf7 R4e7 23. Rxe7 Rxe7 24. Bxc5 Re5 25. Be3 Bb6 26. Rd3 Rf5+ 27. Ke2 h5 28. g4 hxg4 29. hxg4 Re5 30. a4 Kc7 31. Kf3 g5 32. Bd2 Re7 33. a5 Bc5 34. b4 Bd6 35. c3 Rh7 36. Be3 c5 37. b5 Rh3+ 38. Ke4 Rh8 39. Rd5 Re8+ 40. Kf5 c4 41. Kxf6 a6 42. Bb6+ Kd7 43. Bc5 Re6+ 44. Kf5 axb5 45. a6 1-0

[Event "Isle of Wight op"]
[Site "Ryde"]
[Date "2025.02.18"]
[Round "1"]
[White "Tomaszewski, Kacper"]
[Black "Brackmann, Hendrik"]
[Result "1/2-1/2"]
[WhiteElo "2348"]
[BlackElo "2021"]
[PlyCount "78"]
[EventDate "2025.02.18"]
[EventType "swiss"]
[EventRounds "9"]
[EventCountry "ENG"]
[SourceTitle "CB09_2025"]
[SourceDate "2025.02.27"]
[SourceVersion "1"]
[SourceVersionDate "2025.02.27"]
[SourceQuality "1"]

1. d4 d5 2. c4 dxc4 3. Nf3 Nf6 4. e3 e6 5. Bxc4 Be7 6. 0-0 0-0 7. Nc3 c5 8. Qe2 cxd4 9. Rd1 a6 10. exd4 b5 11. Bb3 Bb7 12. Bg5 Nbd7 13. d5 exd5 14. Nxd5 Bxd5 15. Bxd5 Nxd5 16. Rxd5 Bxg5 17. Nxg5 h6 18. Qd2 hxg5 19. Rxd7 Qf6 20. Rd1 Rae8 21. Rd6 Re6 22. Rxe6 Qxe6 23. b3 Re8 24. Kf1 Qf5 25. Rc1 Re6 26. Rc8+ Kh7 27. Qc2 Kg6 28. f3 g4 29. Qxf5+ Kxf5 30. Rc7 Rf6 31. fxg4+ Kxg4+ 32. Ke2 Kf4 33. Kd3 Ke5 34. Kc3 Kd6 35. Ra7 Kc5 36. b4+ Kb6 37. Rd7 Rf2 38. a3 Rxg2 39. Rxf7 Rxh2 1/2-1/2

[Event "CZE-chT1E 2425"]
[Site "Czech Republic"]
[Date "2025.02.02"]
[Round "7.2"]
[White "Tomaszewski, Kacper"]
[Black "Straka, Jozef1"]
[Result "1/2-1/2"]
[WhiteElo "2327"]
[BlackElo "2277"]
[PlyCount "85"]
[EventDate "2024.10.20"]
[EventType "team-tourn"]
[EventRounds "11"]
[EventCountry "CZE"]
[SourceTitle "CB16_2025"]
[SourceDate "2025.04.16"]
[SourceVersion "1"]
[SourceVersionDate "2025.04.16"]
[SourceQuality "1"]
[WhiteTeam "Orlova Slavia"]
[BlackTeam "Dobra Sokol"]
[WhiteTeamCountry "CZE"]
[BlackTeamCountry "CZE"]

1. c4 e6 2. Nc3 d5 3. d4 Nf6 4. Bg5 Be7 5. e3 0-0 6. Nf3 Nbd7 7. Qc2 c6 8. Rd1 Re8 9. a3 b6 10. cxd5 exd5 11. Bd3 Bb7 12. 0-0 Nf8 13. Ne5 N6d7 14. Nxd7 Qxd7 15. Bf4 Bd6 16. Bg3 Bxg3 17. hxg3 Qd6 18. Rd2 Re6 19. Re1 Rh6 20. e4 dxe4 21. Bxe4 Rd8 22. d5 Rh5 23. Bf3 Re5 24. Rxe5 Qxe5 25. Re2 Qf6 26. dxc6 Bxc6 27. Bxc6 Qxc6 28. Qe4 Qxe4 29. Rxe4 Ne6 30. Kf1 Kf8 31. Ke2 Nc5 32. Re5 Nd3 33. Rb5 Nc5 34. b4 Ne6 35. Rd5 Rc8 36. Kd3 Ke7 37. Nb5 a6 38. Nc3 b5 39. a4 bxa4 40. Nxa4 Rc6 41. Nc5 g6 42. Rd7+ Ke8 43. Rd5 1/2-1/2

[Event "CZE-chT1E 2425"]
[Site "Czech Republic"]
[Date "2024.11.24"]
[Round "3.2"]
[White "Tomaszewski, Kacper"]
[Black "Blahynka, Martin"]
[Result "1-0"]
[WhiteElo "2327"]
[BlackElo "2385"]
[PlyCount "191"]
[EventDate "2024.10.20"]
[EventType "team-tourn"]
[EventRounds "11"]
[EventCountry "CZE"]
[SourceTitle "CB16_2025"]
[SourceDate "2025.04.16"]
[SourceVersion "1"]
[SourceVersionDate "2025.04.16"]
[SourceQuality "1"]
[WhiteTeam "Orlova Slavia"]
[BlackTeam "Brno Duras"]
[WhiteTeamCountry "CZE"]
[BlackTeamCountry "CZE"]

1. d4 Nf6 2. c4 c5 3. d5 b5 4. Nf3 b4 5. Nbd2 g6 6. e4 d6 7. Bd3 Bg7 8. 0-0 0-0 9. a3 Na6 10. Nb3 Qc7 11. h3 Bd7 12. a4 e6 13. Be3 e5 14. g4 h5 15. Nh2 hxg4 16. hxg4 Qc8 17. f3 Kh7 18. Rf2 Rh8 19. Nf1 Kg8 20. Rh2 Rxh2 21. Kxh2 Kf8 22. Kg2 Ke7 23. Ng3 Kd8 24. Nd2 Kc7 25. b3 Qb7 26. Qe2 Rh8 27. Rh1 Qc8 28. Qe1 Kb6 29. Rxh8 Qxh8 30. Qh1 Qxh1+ 31. Kxh1 Nh7 32. Kg2 Bf6 33. Ne2 Nc7 34. Kg3 Ne8 35. Ng1 Kc7 36. Nh3 Kd8 37. Bf1 Kc7 38. Bd3 Kd8 39. Nf1 Ke7 40. g5 Bg7 41. Nh2 Bf8 42. Ng4 Kd8 43. f4 exf4+ 44. Nxf4 Bg7 45. Ng2 Bxg4 46. Kxg4 Nf8 47. Nh4 Nd7 48. Bf4 Ne5+ 49. Bxe5 Bxe5 50. Nf3 Ke7 51. Nxe5 dxe5 52. Kh4 Nd6 53. Kg4 f6 54. gxf6+ Kxf6 55. Bc2 Kg7 56. Kg5 Nf7+ 57. Kg4 Kh6 58. Bd1 Nd6 59. Bf3 Ne8 60. Bg2 Nd6 61. Bf3 a5 62. Bg2 Ne8 63. Bh3 Nd6 64. Bg2 g5 65. Bh3 Kg6 66. Kf3 g4+ 67. Kxg4 Nxe4 68. Bf1 Nd2 69. Bd3+ e4 70. Bc2 Kf6 71. Kf4 Ke7 72. Ke3 Nf3 73. Kxe4 Ng5+ 74. Kf4 Nf7 75. Bg6 Nd6 76. Ke5 Kd7 77. Bf5+ Kc7 78. Ke6 Nb7 79. Bh7 Nd6 80. Bg6 Nb7 81. Be8 Nd6 82. Bc6 Ne4 83. d6+ Nxd6 84. Kd5 Nf7 85. Kxc5 Ne5 86. Be4 Nd7+ 87. Kb5 Kd6 88. Bc2 Ne5 89. Be4 Nd7 90. Bf5 Nc5 91. Bc2 Ne6 92. Kb6 Nd4 93. c5+ Kd7 94. Bd1 Kc8 95. Kxa5 Nc6+ 96. Kb6 1-0

[Event "Lagos op 2nd"]
[Site "Lagos"]
[Date "2024.10.30"]
[Round "6"]
[White "Tomaszewski, Kacper"]
[Black "Silva, Lourenco Santa Clar"]
[Result "1-0"]
[WhiteElo "2327"]
[BlackElo "2018"]
[PlyCount "49"]
[EventDate "2024.10.26"]
[EventType "swiss"]
[EventRounds "9"]
[EventCountry "POR"]
[SourceTitle "CB45_2024"]
[Source "ChessBase"]
[SourceDate "2024.11.06"]
[SourceVersion "1"]
[SourceVersionDate "2024.11.06"]
[SourceQuality "1"]

1. d4 Nf6 2. Nf3 e6 3. Bg5 d5 4. e3 c5 5. c3 Nc6 6. Bd3 Be7 7. Nbd2 Qb6 8. Rb1 0-0 9. 0-0 cxd4 10. exd4 Qd8 11. Qe2 a6 12. Ne5 Bd7 13. f4 b5 14. b4 Rc8 15. Nb3 Be8 16. Nc5 Ra8 17. Nxc6 Bxc6 18. Nxe6 fxe6 19. Qxe6+ Kh8 20. Qxc6 Qc8 21. Qxc8 Raxc8 22. Rbc1 Rc6 23. Rfe1 Bd6 24. Bxf6 Bxf4 25. Be7 1-0

[Event "Teguise Hotel op"]
[Site "Lanzarote"]
[Date "2024.08.22"]
[Round "9"]
[White "Tomaszewski, Kacper"]
[Black "Bangiev, Alexander J"]
[Result "1-0"]
[WhiteElo "2326"]
[BlackElo "2347"]
[PlyCount "101"]
[EventDate "2024.08.15"]
[EventType "swiss"]
[EventRounds "9"]
[EventCountry "ESP"]
[SourceTitle "CBM 221 Extra"]
[Source "ChessBase"]
[SourceDate "2024.09.30"]
[SourceVersion "1"]
[SourceVersionDate "2024.09.30"]
[SourceQuality "1"]

1. d4 Nf6 2. c4 g6 3. Nc3 Bg7 4. e4 d6 5. Be2 c5 6. Nf3 cxd4 7. Nxd4 Nc6 8. Be3 Bd7 9. 0-0 0-0 10. h3 Nxd4 11. Bxd4 Bc6 12. f4 e5 13. fxe5 dxe5 14. Bxe5 Nxe4 15. Bxg7 Kxg7 16. Nxe4 Bxe4 17. c5 Qxd1 18. Rfxd1 Rfd8 19. b4 f5 20. Kf2 Kf6 21. a4 Rac8 22. Bf3 Ke5 23. Bxe4 fxe4 24. Ke3 a5 25. Rxd8 Rxd8 26. bxa5 Rd3+ 27. Kf2 Rd2+ 28. Kf1 Rc2 29. Rb1 Rxc5 30. Rxb7 Kd4 31. a6 Ra5 32. a7 Ke3 33. Rb3+ Kd2 34. Rb2+ Kd3 35. Ra2 h5 36. Ke1 h4 37. Ra3+ Kd4 38. Ke2 Kc4 39. Ke3 Kb4 40. Ra1 Kb3 41. Rb1+ Kc3 42. Rb6 Rxa7 43. Rc6+ Kb2 44. Rxg6 Rxa4 45. Rg4 Kc1 46. Rxe4 Ra2 47. Kf3 Ra3+ 48. Kf2 Ra2+ 49. Kf1 Ra8 50. Rxh4 Kd2 51. Re4 1-0

[Event "Bohumin op-A 7th"]
[Site "Bohumin"]
[Date "2024.07.06"]
[Round "9"]
[White "Helis, Tadeusz"]
[Black "Tomaszewski, Kacper"]
[Result "1/2-1/2"]
[WhiteElo "2090"]
[BlackElo "2300"]
[PlyCount "92"]
[EventDate "2024.06.29"]
[EventType "swiss"]
[EventRounds "9"]
[EventCountry "CZE"]
[SourceTitle "CBM 221 Extra"]
[Source "ChessBase"]
[SourceDate "2024.09.30"]
[SourceVersion "1"]
[SourceVersionDate "2024.09.30"]
[SourceQuality "1"]

1. Nf3 Nf6 2. d4 e6 3. e3 c5 4. Bd3 b6 5. 0-0 Bb7 6. Nbd2 Be7 7. b3 0-0 8. Bb2 d6 9. Re1 Nbd7 10. c4 a6 11. Qe2 Qc7 12. Rad1 Rfe8 13. Bb1 Rac8 14. e4 cxd4 15. Nxd4 Bf8 16. Nf1 Ne5 17. Ng3 Ng6 18. Nc2 Nd7 19. Ne3 Bc6 20. Nh5 Qb7 21. f3 b5 22. Qd2 Red8 23. Qc3 e5 24. Qd2 Nc5 25. cxb5 axb5 26. Nd5 Ne6 27. Nb4 Be8 28. Rc1 Ngf4 29. Nxf4 Nxf4 30. g3 Ne6 31. Kg2 Nc5 32. Bc3 Ra8 33. Red1 Bd7 34. Qe2 Be6 35. Nd5 Rdc8 36. Nb4 Rc7 37. Bd2 Rac8 38. Be3 Rd7 39. Qd2 Be7 40. Bg5 Bxg5 41. Qxg5 h6 42. Qd2 Kh8 43. Qe3 Rcd8 44. Rd2 Qb6 45. Rcd1 Rb8 46. Qf2 Qc7 1/2-1/2

[Event "Bohumin op-A 7th"]
[Site "Bohumin"]
[Date "2024.06.30"]
[Round "2"]
[White "Kudla, Richard"]
[Black "Tomaszewski, Kacper"]
[Result "0-1"]
[WhiteElo "2056"]
[BlackElo "2300"]
[PlyCount "42"]
[EventDate "2024.06.29"]
[EventType "swiss"]
[EventRounds "9"]
[EventCountry "CZE"]
[SourceTitle "CBM 221 Extra"]
[Source "ChessBase"]
[SourceDate "2024.09.30"]
[SourceVersion "1"]
[SourceVersionDate "2024.09.30"]
[SourceQuality "1"]

1. e4 c5 2. c3 d6 3. d4 Nf6 4. dxc5 Nc6 5. Bc4 e6 6. Bg5 dxc5 7. Nd2 Be7 8. Ngf3 0-0 9. 0-0 Ng4 10. Bxe7 Qxe7 11. Qe2 Qc7 12. Rfd1 b6 13. Nf1 Bb7 14. Bb3 Rad8 15. Ng3 Nce5 16. Nxe5 Nxe5 17. Bc2 c4 18. f4 Ng6 19. f5 exf5 20. exf5 Nf4 21. Qg4 Qc5+ 0-1

[Event "Norway Chess op"]
[Site "Stavanger"]
[Date "2024.05.30"]
[Round "9"]
[White "Urkedal, Frode Olav Olsen"]
[Black "Tomaszewski, Kacper"]
[Result "1-0"]
[WhiteElo "2560"]
[BlackElo "2300"]
[PlyCount "67"]
[EventDate "2024.05.24"]
[EventType "swiss"]
[EventRounds "9"]
[EventCountry "NOR"]
[SourceTitle "CBM 220 Extra"]
[Source "ChessBase"]
[SourceDate "2024.07.31"]
[SourceVersion "1"]
[SourceVersionDate "2024.07.31"]
[SourceQuality "1"]

1. d4 Nf6 2. c4 e6 3. Nc3 d5 4. cxd5 exd5 5. Bg5 c6 6. e3 h6 7. Bh4 Bd6 8. Bd3 0-0 9. Nge2 Re8 10. h3 b5 11. Rc1 Bd7 12. 0-0 a5 13. e4 b4 14. e5 g5 15. Bg3 bxc3 16. exd6 cxb2 17. Rb1 Ne4 18. Be5 Bf5 19. Qc2 Qd7 20. Ng3 Bg6 21. Rxb2 c5 22. Bb5 Nc6 23. Nxe4 Bxe4 24. Qxc5 Rec8 25. Rc1 Nxe5 26. Bxd7 Rxc5 27. dxc5 Nxd7 28. c6 Nf6 29. d7 Kg7 30. c7 Nxd7 31. c8Q Rxc8 32. Rxc8 Ne5 33. Rb5 Nc4 34. Rd8 1-0

[Event "Norway Chess op"]
[Site "Stavanger"]
[Date "2024.05.26"]
[Round "5"]
[White "Johansson, Linus"]
[Black "Tomaszewski, Kacper"]
[Result "1/2-1/2"]
[WhiteElo "2448"]
[BlackElo "2300"]
[PlyCount "150"]
[EventDate "2024.05.24"]
[EventType "swiss"]
[EventRounds "9"]
[EventCountry "NOR"]
[SourceTitle "CBM 220 Extra"]
[Source "ChessBase"]
[SourceDate "2024.07.31"]
[SourceVersion "1"]
[SourceVersionDate "2024.07.31"]
[SourceQuality "1"]

1. d4 d5 2. c4 c6 3. Nc3 e5 4. cxd5 cxd5 5. dxe5 d4 6. Ne4 Qa5+ 7. Nd2 h5 8. Ngf3 Nc6 9. g3 h4 10. gxh4 Nh6 11. Bg2 Nf5 12. Kf1 Be7 13. Nb3 Qb6 14. Bf4 Bxh4 15. Rc1 Be6 16. Nc5 Bd5 17. Qd3 g6 18. Nxh4 Rxh4 19. Bg3 Nxg3+ 20. Qxg3 Bxg2+ 21. Kxg2 Rh5 22. Nd3 Qd8 23. Qf3 Rf5 24. Qe4 Qg5+ 25. Kf1 Rxe5 26. Rc5 Rxe4 27. Rxg5 Rh4 28. Rd5 Rc8 29. Kg2 Re4 30. Kf3 Rh4 31. Kg3 Re4 32. Kf3 Rh4 33. Rc5 Ke7 34. Kg3 Re4 35. Rc2 f5 36. h4 Rg4+ 37. Kf3 Ne5+ 38. Nxe5 Rxc2 39. Nxg4 fxg4+ 40. Kxg4 Rxe2 41. Rd1 Rxf2 42. b3 Rg2+ 43. Kf4 Rxa2 44. Rxd4 Ra5 45. Kg4 Rb5 46. b4 Kf6 47. Kf4 Kg7 48. Kg4 Kh6 49. Rc4 Rd5 50. Re4 Rd1 51. b5 Rg1+ 52. Kh3 Rb1 53. Re5 Rb4 54. Kg3 b6 55. Re7 Ra4 56. Rd7 g5 57. hxg5+ Kxg5 58. Rd5+ Kf6 59. Kf3 Ke6 60. Rh5 Rd4 61. Ke3 Rd5 62. Rh7 Kd6 63. Rxa7 Kc5 64. Ra1 Kxb5 65. Ke4 Kc6 66. Rc1+ Rc5 67. Rb1 Rc4+ 68. Kd3 b5 69. Rb3 Kc5 70. Rc3 Kb4 71. Rxc4+ bxc4+ 72. Kc2 c3 73. Kc1 Kb3 74. Kb1 c2+ 75. Kc1 Kc3 1/2-1/2

[Event "Norway Chess op"]
[Site "Stavanger"]
[Date "2024.05.25"]
[Round "3"]
[White "Kvaloy, Aksel Bu"]
[Black "Tomaszewski, Kacper"]
[Result "1-0"]
[WhiteElo "2454"]
[BlackElo "2300"]
[PlyCount "71"]
[EventDate "2024.05.24"]
[EventType "swiss"]
[EventRounds "9"]
[EventCountry "NOR"]
[SourceTitle "CBM 220 Extra"]
[Source "ChessBase"]
[SourceDate "2024.07.31"]
[SourceVersion "1"]
[SourceVersionDate "2024.07.31"]
[SourceQuality "1"]

1. e4 e5 2. Nf3 Nc6 3. Bb5 Nge7 4. Nc3 Ng6 5. h4 Bd6 6. d3 h6 7. h5 Nge7 8. Be3 a6 9. Ba4 b5 10. Bb3 0-0 11. g4 Kh7 12. Qd2 f6 13. Nd5 Rb8 14. Nh4 Nxd5 15. Bxd5 Ne7 16. Bb3 Bb7 17. Nf5 Rh8 18. 0-0-0 Qf8 19. Rdg1 Bc6 20. Rh3 a5 21. a3 a4 22. Ba2 b4 23. axb4 Bxb4 24. c3 Ba5 25. g5 fxg5 26. Bxg5 Nxf5 27. Rf3 Nd4 28. Rxf8 Rhxf8 29. Bxh6 gxh6 30. Rg6 Rf4 31. Qe3 Nf3 32. Qc5 Re8 33. Qxa5 Nh4 34. Rxc6 Rxf2 35. Rxc7 Re7 36. Qxa4 1-0

[Event "CZE-chT1E 2324"]
[Site "Czech Republic"]
[Date "2024.04.14"]
[Round "11.3"]
[White "Szotkowski, Jakub"]
[Black "Tomaszewski, Kacper"]
[Result "1-0"]
[WhiteElo "2308"]
[BlackElo "2307"]
[PlyCount "117"]
[EventDate "2023.10.22"]
[EventType "team-tourn"]
[EventRounds "11"]
[EventCountry "CZE"]
[SourceTitle "EXT 2025"]
[Source "ChessBase"]
[SourceDate "2024.10.14"]
[SourceVersion "1"]
[SourceVersionDate "2024.10.14"]
[SourceQuality "1"]
[WhiteTeam "Trinec"]
[BlackTeam "Orlova Slavia"]
[WhiteTeamCountry "CZE"]
[BlackTeamCountry "CZE"]

1. d4 g6 2. Nf3 Bg7 3. e4 d6 4. Be2 Nc6 5. 0-0 Nf6 6. Nc3 0-0 7. h3 e5 8. dxe5 dxe5 9. Qxd8 Nxd8 10. Nxe5 Nxe4 11. Nxe4 Bxe5 12. c3 Bg7 13. Bf3 Ne6 14. Be3 f5 15. Nc5 c6 16. Rfe1 Re8 17. a4 Nxc5 18. Bxc5 Be6 19. a5 a6 20. Rad1 Bf8 21. Bxf8 Kxf8 22. Rd4 Rac8 23. g4 h6 24. Kg2 Kf7 25. Kg3 Re7 26. Bd1 Rce8 27. b4 Rd7 28. Rxd7+ Bxd7 29. Bb3+ Be6 30. Bc2 Rd8 31. gxf5 gxf5 32. Re3 Rd2 33. Bd3 f4+ 34. Kxf4 Rxf2+ 35. Ke5 Ke7 36. Rg3 Bf7 37. Rg7 Kf8 38. Rh7 Rf3 39. Bf5 Kg8 40. Rxh6 Rxc3 41. Kf6 Rf3 42. Rh4 Bd5 43. Rg4+ Kf8 44. Rd4 Rf2 45. h4 Rh2 46. Rf4 Ke8 47. h5 Bf7 48. Bg6 Bxg6 49. hxg6 Kf8 50. Ke6+ Kg8 51. Kd6 Rh5 52. Ke6 Rd5 53. Rh4 Rg5 54. Kf6 Rd5 55. Re4 Rd8 56. Re7 Rd6+ 57. Kg5 c5 58. bxc5 Rc6 59. Kh6 1-0

[Event "CZE-chT1E 2324"]
[Site "Czech Republic"]
[Date "2024.02.18"]
[Round "8.3"]
[White "Tomaszewski, Kacper"]
[Black "Glozar, Petr"]
[Result "1/2-1/2"]
[WhiteElo "2307"]
[BlackElo "2152"]
[PlyCount "122"]
[EventDate "2023.10.22"]
[EventType "team-tourn"]
[EventRounds "11"]
[EventCountry "CZE"]
[SourceTitle "EXT 2025"]
[Source "ChessBase"]
[SourceDate "2024.10.14"]
[SourceVersion "1"]
[SourceVersionDate "2024.10.14"]
[SourceQuality "1"]
[WhiteTeam "Orlova Slavia"]
[BlackTeam "Brno Duras"]
[WhiteTeamCountry "CZE"]
[BlackTeamCountry "CZE"]

1. d4 Nf6 2. Nf3 e6 3. Bg5 Be7 4. e3 b6 5. Bd3 Bb7 6. 0-0 Ne4 7. Bxe7 Qxe7 8. Nfd2 f5 9. Bxe4 fxe4 10. Qh5+ Qf7 11. Qxf7+ Kxf7 12. Nc3 Ba6 13. Rfe1 d5 14. f3 exf3 15. Nxf3 Nd7 16. e4 c6 17. Re3 h6 18. Rae1 Rae8 19. Nh4 g6 20. exd5 cxd5 21. Nf3 Rhf8 22. Nd1 Bb5 23. Nf2 Nf6 24. Ne5+ Kg7 25. Rb3 a6 26. Rb4 Rb8 27. a4 Be8 28. a5 Bb5 29. axb6 Rxb6 30. Ned3 Nd7 31. Rb3 Rc8 32. c3 Rf8 33. Ra3 Kf7 34. Nb4 Nf6 35. h3 Ra8 36. Ra5 Rd8 37. Re3 Ke7 38. Ra1 Kd7 39. Rf3 Ke7 40. Nfd3 Nd7 41. Nf4 Nf8 42. Re1 Bc4 43. Ra1 g5 44. Nfd3 Bxd3 45. Nxd3 Nd7 46. b4 Ra8 47. Nc5 Nxc5 48. bxc5 Rbb8 49. Raf1 Rf8 50. Rxf8 Rxf8 51. Rb1 Ra8 52. Kf2 a5 53. Ke3 a4 54. Kd3 a3 55. Kc2 a2 56. Ra1 e5 57. dxe5 Ke6 58. Kb3 Kxe5 59. Rxa2 Rb8+ 60. Kc2 Rb5 61. Kd3 Rxc5 1/2-1/2

[Event "CZE-chT1E 2324"]
[Site "Czech Republic"]
[Date "2024.01.07"]
[Round "5.3"]
[White "Tomaszewski, Kacper"]
[Black "Obsivac, Josef"]
[Result "0-1"]
[WhiteElo "2307"]
[BlackElo "2277"]
[PlyCount "100"]
[EventDate "2023.10.22"]
[EventType "team-tourn"]
[EventRounds "11"]
[EventCountry "CZE"]
[SourceTitle "EXT 2025"]
[Source "ChessBase"]
[SourceDate "2024.10.14"]
[SourceVersion "1"]
[SourceVersionDate "2024.10.14"]
[SourceQuality "1"]
[WhiteTeam "Orlova Slavia"]
[BlackTeam "Grygov Proclient"]
[WhiteTeamCountry "CZE"]
[BlackTeamCountry "CZE"]

1. Nf3 Nf6 2. d4 e6 3. c4 Bb4+ 4. Nbd2 d5 5. e3 0-0 6. a3 Be7 7. Bd3 b6 8. 0-0 Bb7 9. b4 c5 10. dxc5 bxc5 11. b5 Nbd7 12. Qc2 Qc7 13. Bb2 Bd6 14. Rfe1 Rac8 15. Rac1 Rfe8 16. h3 Qb8 17. Ng5 g6 18. Ngf3 Bf8 19. a4 Bg7 20. Qb1 Qd6 21. Rcd1 Qf8 22. Qa1 Red8 23. a5 Ne8 24. e4 d4 25. e5 Qe7 26. Qa3 f5 27. Bxd4 g5 28. Nh2 h5 29. Bb2 g4 30. Bf1 Nf8 31. hxg4 hxg4 32. f4 Ng6 33. g3 Bh6 34. Qe3 Ng7 35. a6 Ba8 36. Be2 Nh5 37. Rf1 Rd4 38. Bxd4 cxd4 39. Qd3 Ngxf4 40. gxf4 Bxf4 41. Nxg4 Qh4 42. Rf3 Qxg4+ 43. Kf1 Bh2 44. Ke1 Qh4+ 45. Kf1 Bg3 46. Rxg3+ Nxg3+ 47. Kg1 Ne4 48. Nxe4 Bxe4 49. Qa3 Kf7 50. Kf1 Rg8 0-1

[Event "CZE-chT1E 2324"]
[Site "Czech Republic"]
[Date "2023.10.22"]
[Round "1.3"]
[White "Tomaszewski, Kacper"]
[Black "Stocek, Martin"]
[Result "1/2-1/2"]
[WhiteElo "2307"]
[BlackElo "2120"]
[PlyCount "109"]
[EventDate "2023.10.22"]
[EventType "team-tourn"]
[EventRounds "11"]
[EventCountry "CZE"]
[SourceTitle "EXT 2025"]
[Source "ChessBase"]
[SourceDate "2024.10.14"]
[SourceVersion "1"]
[SourceVersionDate "2024.10.14"]
[SourceQuality "1"]
[WhiteTeam "Orlova Slavia"]
[BlackTeam "Polabiny II"]
[WhiteTeamCountry "CZE"]
[BlackTeamCountry "CZE"]

1. Nf3 d5 2. c4 e6 3. d4 Nf6 4. Nc3 c5 5. cxd5 Nxd5 6. e4 Nxc3 7. bxc3 cxd4 8. cxd4 Bb4+ 9. Bd2 Bxd2+ 10. Qxd2 0-0 11. Bc4 Nd7 12. 0-0 b6 13. Rfe1 Bb7 14. Rad1 Rc8 15. Bb3 Nf6 16. Qf4 Qc7 17. Qh4 h6 18. d5 exd5 19. e5 Ne4 20. Bxd5 Bxd5 21. Rxd5 Nc5 22. Red1 Ne6 23. h3 Qc4 24. Qxc4 Rxc4 25. Rd7 Ra4 26. R1d2 Rc8 27. Kh2 Ra5 28. Nh4 Rc4 29. Nf5 Rxe5 30. Nd6 Rc7 31. Nxf7 Rxd7 32. Rxd7 Ra5 33. Nd8 Nxd8 34. Rxd8+ Kf7 35. Rd2 Ra3 36. f3 Ke6 37. Kg3 b5 38. Kf4 b4 39. Ke4 a5 40. Kd4 Rc3 41. Re2+ Kf6 42. Re5 Ra3 43. Re2 Kf5 44. Kc4 g5 45. Kb5 Kf4 46. Rb2 Kg3 47. Rd2 Kh2 48. h4 Kg3 49. hxg5 hxg5 50. Re2 Kh2 51. Rb2 Kg3 52. Re2 Kf4 53. Re4+ Kf5 54. Re2 Kf6 55. Kc4 1/2-1/2